000 00402cam a2200169ua 4500
020 _c1.00
041 _amal
_h
082 _a894.8121
_bSAN/SA
100 _aSankarapillai, G.
245 _aSankalpa sourabham /
_cG Sankara pillai.
_hTextual Documents
260 _a :
_bB K M publications ,
_c1966.
300 _a77 ; .
365 _a1.00
504 _a
942 _cBK
999 _c5179
_d5179